000 00632nam a2200193Ii 4500
003 JO-AjNU
008 230605s9999||||xx |||||||||||||| ||und||
040 _aJO-AjNU
_bara
_erda
_cJO-AjNU
041 _aara
050 1 4 _aQ181.5.N27 1989
100 3 _aنشوان، يعقوب حسين,
_eauthor
_936097
245 0 0 _aالجديد في تعليم العلوم
264 3 1 _aعمان:دار الفرقان ، 1989
300 _a368ص
336 _atext
_btxt
_2rdacontent
337 _aunmediated
_bn
_2rdamedia
338 _avolume
_bnc
_2rdacarrier
650 4 _aالعلوم - طرق التدريس- تعلم وتعليم
_936098
999 _aA14966
_c18534
_d18534